Statistics for 関東の鉄道路線記号

Click here to take the quiz!

General Stats

  • This quiz has been taken 285 times
  • The average score is 54 of 84

Answer Stats

companyroutesymbol% Correct
JR東日本東海道線JT
100%
JR東日本山手線JY
99%
JR東日本京浜東北線・根岸線JK
98%
JR東日本南武線JN
97%
JR東日本湘南新宿ラインJS
97%
JR東日本中央線快速・青梅線・五日市線JC
96%
JR東日本横浜線JH
92%
東京メトロ銀座線G
91%
東京メトロ丸ノ内線M
91%
東京メトロ日比谷線H
89%
JR東日本武蔵野線JM
89%
JR東日本横須賀線・総武線快速・成田線JO
89%
東京メトロ東西線T
89%
東京メトロ有楽町線Y
89%
東京メトロ半蔵門線Z
89%
都営地下鉄・東京都交通局浅草線A
88%
東京メトロ千代田線C
88%
東京メトロ副都心線F
88%
東京メトロ南北線N
88%
都営地下鉄・東京都交通局大江戸線E
87%
JR東日本常磐線快速JJ
87%
JR東日本宇都宮線(東北線)JU
87%
都営地下鉄・東京都交通局新宿線S
87%
JR東日本埼京線JA
86%
都営地下鉄・東京都交通局三田線I
85%
東急電鉄東横線TY
82%
JR東日本京葉線JE
79%
東急電鉄田園都市線DT
78%
東急電鉄目黒線MG
78%
JR東日本鶴見線JI
76%
東急電鉄横浜高速鉄道みなとみらい線MM
75%
東急電鉄大井町線OM
75%
東急電鉄東急多摩川線TM
75%
東武鉄道東武スカイツリーライン
亀戸線・大師線
TS
75%
東急電鉄池上線IK
74%
東武鉄道日光線・宇都宮線・鬼怒川線TN
74%
JR東日本中央線・総武線各駅停車JB
72%
東武鉄道伊勢崎線・佐野線
小泉線・桐生線
TI
72%
東武鉄道東上線・越生線TJ
72%
西武鉄道池袋線・西武秩父線
西武有楽町線・豊島線・狭山線
SI
71%
西武鉄道国分寺線・西武園線SK
71%
西武鉄道新宿線・拝島線SS
71%
東急電鉄世田谷線SG
70%
西武鉄道多摩湖線ST
70%
西武鉄道山口線(レオライナー)SY
70%
京王電鉄京王線・相模原線・高尾線
競馬場線・動物園線
KO
69%
JR東日本常磐線各駅停車JL
68%
京成電鉄本線・東成田線・押上線
成田スカイアクセス線
金町線・千葉線・千原線
KS
66%
東京メトロ丸ノ内線方南町支線Mb
64%
東急電鉄こどもの国線KD
63%
その他つくばエクスプレスTX
63%
都営地下鉄・東京都交通局日暮里・舎人ライナーNT
61%
小田急電鉄江ノ島線OE
61%
小田急電鉄多摩線OT
60%
京急電鉄本線・空港線・大師線
逗子線・久里浜線
KK
59%
京王電鉄井の頭線IN
57%
京成電鉄北総鉄道北総線HS
55%
東武鉄道東武アーバンパークライン
(野田線)
TD
53%
小田急電鉄小田原線OH
52%
東急電鉄東急新横浜線SH
52%
相模鉄道本線・いずみ野線・相鉄新横浜線SO
50%
都営地下鉄・東京都交通局東京さくらトラム(都電荒川線)SA
49%
JR東日本中央本線CO
47%
西武鉄道多摩川線SW
47%
その他ニューシャトルNS
44%
小田急電鉄箱根登山電車OH
44%
その他横浜市営地下鉄ブルーラインB
40%
その他横浜市営地下鉄グリーンラインG
40%
その他東京臨海高速鉄道りんかい線R
40%
その他江ノ島電鉄EN
34%
その他わたらせ渓谷線WK
34%
その他埼玉高速鉄道
(埼玉スタジアム線)
SR
31%
その他千葉都市モノレール1号線・2号線CM
28%
京成電鉄芝山鉄道芝山鉄道線SR
25%
その他東葉高速鉄道TR
25%
その他東京モノレールMO
24%
その他流鉄流山線RN
24%
その他銚子電鉄CD
23%
その他ゆりかもめU
21%
京成電鉄新京成電鉄新京成線SL
20%
その他秩父鉄道CR
19%
その他伊豆箱根鉄道大雄山線ID
14%
その他多摩モノレールTT
13%
その他湘南モノレールSMR
7%

Score Distribution

Percentile by Number Answered

Percent of People with Each Score

Your Score History

You have not taken this quiz